000
00513nam a2200181Ia 4500
008
100917s9999 xx 000 0 und d
082
_b
41310
100
_a
प्रभु सुधाकर
245
_a
महायोगी
260
_b
जगताप कारले प्रकाशन
_c
1972
300
_a
64
365
_b
2
520
_a
बालविभाग
630
_a
महायोगी
650
_a
बालविभाग
730
_a
महायोगी
942
_c
BOOK
999
_c
646704
_d
646701